Repräsentationen des Nationalaufstands in der Slowakei nach 1989

Titel: Repräsentationen des Nationalaufstands in der Slowakei nach 1989 / Monika Vrzgulová
Verfasser:
Beteiligt:
In: Partisanen im Zweiten Weltkrieg, (2017), Seite 297-312
alle Artikel anzeigen
Veröffentlicht: [2017]
Format: Aufsatz
Sprache: Deutsch
Schlagworte:
Kein Bild verfügbar
X
alg: 42758382
001A    $03025:16-03-18 
001B    $03025:03-11-20 $t12:39:21.000 
001C    $03025:16-03-18 $t14:08:17.000 
001D    $03025:16-03-18 
001U    $0utf8 
001X    $00 
002@    $0Aou 
002C    $aText $btxt $2rdacontent 
002D    $aohne Hilfsmittel zu benutzen $bn $2rdamedia 
002E    $aBand $bnc $2rdacarrier 
003@    $0427583829 
007A    $0427583829 $aHEB 
010@    $ager 
010E    $erda 
011@    $a2017 $n[2017] 
021A    $aRepräsentationen des Nationalaufstands in der Slowakei nach 1989 $hMonika Vrzgulová 
028A    $BVerfasser $#Vrzgula, Monika $4aut $7132263793 $8Vrzgulová, Monika$Z1965- [Tp3] $9182394107 
028C    $BÜbersetzer $4trl $8Engemann, Iris [Tp3] $9471374989 
031A    $h297-312 $j2017 
039B    $aEnthalten in $8--Aau--. Partisanen im Zweiten Weltkrieg. - München : Vandenhoeck & Ruprecht, [2017]. - VI, 320 Seiten. - ISBN 3-525-37315-5 $x201700000000000703 $9396965334 
044K    $RTschechoslowakei $RTschechoslowakei $#Slowakei $#Slowakei $#Slowakische Republik $#Oberungarn $#Slovensko $#Slovenská Republika $#Slovenská SR $#SSR $#Slovakia $#Slovaquie $#Slovak Republic $#République Slovaque $#Slovenská Socialistická Republika $#Slowakische Sozialistische Republik $#Slovak Socialist Republic $#République Socialiste Slovaque $74055297-4 $8Slowakei [Tg1] $9085153834 
044K    $RAufstand $RWeltkrieg $#Slowakischer Nationalaufstand $74199439-5 $8Aufstand in der Slowakei$g1944 [Ts1] $9086006207 
044K    $RKrieg $RGuerilla $#Guerrilla warfare $#Guérilla $74173446-4 $8Partisanenkrieg [Ts1] $9085805203 
044K    $74137492-7 $8Repräsentation [Ts1] $9085515612 
044K    $RTag $RSonntag $#Holidays $#Jours fériés $#Feiertag $#Festtag $74153848-1 $8Feiertag [Ts1] $9085647438 
044K    $RPolitische Identität $RGeschichtsbild $RGeschichtsdenken $#Conscience historique $#Geschichtsbewusstsein $#Historisches Bewusstsein $#Geschichtsverständnis Geschichtsbewusstsein $#Geschichtskultur $74020526-5 $8Geschichtsbewusstsein [Ts1] $9085049387 
045R    $aGeschichte 1989-2014 

lok: 42758382 78

exp: 42758382 78 1 #EPN
201B/01 $016-03-18 $t12:08:27.000 
201C/01 $016-03-18 
201U/01 $0utf8 
203@/01 $01019925965 
208@/01 $a16-03-18 $be 
209A/01 $a/ $f000 $x00 
209A/01 $ab*p $x01 
220C/01 $awma 
244Z/01 $#Slowakei $#Slowakei $#Slowakische Republik $#Oberungarn $#Slovensko $#Slovenská Republika $#Slovenská SR $#SSR $#Slovakia $#Slovaquie $#Slovak Republic $#République Slovaque $#Slovenská Socialistická Republika $#Slowakische Sozialistische Republik $#Slovak Socialist Republic $#République Socialiste Slovaque $74055297-4 $8--Tg1--Slowakei $x05 $9085153834 
247C/01 $82080>Marburg/Lahn, Herder-Institut, Forschungsbibliothek, Bibliographieportal $9336309341
LEADER 00000caa a2200000 c 4500
001 427583829
003 DE-603
005 20201103123921.0
007 tu
008 180316s2017 xx |||| | u00||u|ger c
035 |a (DE-599)HEB427583829 
040 |a DE-603  |b ger  |c DE-603  |d DE-603  |e rda 
041 |a ger 
100 1 |a Vrzgulová, Monika  |d 1965-  |e Verfasser  |4 aut  |0 (DE-603)182394107  |0 (DE-588)132263793  |2 gnd 
245 0 0 |a Repräsentationen des Nationalaufstands in der Slowakei nach 1989  |c Monika Vrzgulová 
264 0 |c [2017] 
336 |a Text  |b txt  |2 rdacontent 
337 |a ohne Hilfsmittel zu benutzen  |b n  |2 rdamedia 
338 |a Band  |b nc  |2 rdacarrier 
648 7 |a Geschichte 1989-2014  |2 gnd 
650 7 |a Aufstand in der Slowakei  |g 1944  |0 (DE-588)4199439-5  |0 (DE-603)086006207  |2 gnd 
650 7 |a Partisanenkrieg  |0 (DE-588)4173446-4  |0 (DE-603)085805203  |2 gnd 
650 7 |a Repräsentation  |0 (DE-588)4137492-7  |0 (DE-603)085515612  |2 gnd 
650 7 |a Feiertag  |0 (DE-588)4153848-1  |0 (DE-603)085647438  |2 gnd 
650 7 |a Geschichtsbewusstsein  |0 (DE-588)4020526-5  |0 (DE-603)085049387  |2 gnd 
651 7 |a Slowakei  |0 (DE-588)4055297-4  |0 (DE-603)085153834  |2 gnd 
700 1 |a Engemann, Iris  |e Übersetzer  |4 trl  |0 (DE-603)471374989  |0 (DE-588)1220728527  |2 gnd 
773 0 8 |i Enthalten in  |t Partisanen im Zweiten Weltkrieg  |d München : Vandenhoeck & Ruprecht, [2017]  |h VI, 320 Seiten  |z 3525373155  |z 9783525373156  |g (2017), Seite 297-312  |w (DE-603)396965334 
924 0 |9 2080  |a (DE-603)1019925965  |b DE-2080  |c HES  |d d  |g /